[Event "Sarajevo Bosna op 51st"]
[Site "Sarajevo"]
[Date "2022.12.06"]
[Round "6"]
[White "Jakovljevic, Vlado"]
[Black "Kozarcanin, Sead"]
[Result "1-0"]
[WhiteElo "2371"]
[BlackElo "1986"]
[PlyCount "55"]
[EventDate "2022.12.02"]
[EventType "swiss"]
[EventRounds "7"]
[EventCountry "BIH"]
[SourceTitle "CBM 211 Extra"]
[Source "ChessBase"]
[SourceDate "2023.01.31"]
[SourceVersion "1"]
[SourceVersionDate "2023.01.31"]
[SourceQuality "1"]

1. Nf3 Nf6 2. c4 c5 3. Nc3 Nc6 4. d4 cxd4 5. Nxd4 g6 6. e4 d6 7. Be2 Bg7 8. Be3 0-0 9. 0-0 Bd7 10. f3 a6 11. Qd2 Rc8 12. Rac1 h5 13. Rfd1 Nxd4 14. Bxd4 Bc6 15. b4 Qe8 16. b5 Bd7 17. bxa6 bxa6 18. c5 Ba4 19. Nxa4 Qxa4 20. Rc4 Qd7 21. cxd6 exd6 22. Be3 Rxc4 23. Bxc4 Qa4 24. Bb3 Qa3 25. Qxd6 Qxd6 26. Rxd6 Ra8 27. Rb6 Nd7 28. Rxg6 1-0

[Event "Gibraltar Challengers op-B"]
[Site "Caleta"]
[Date "2020.01.26"]
[Round "2"]
[White "Aura, Kristian"]
[Black "Kozarcanin, Sead"]
[Result "0-1"]
[WhiteElo "1928"]
[BlackElo "2019"]
[PlyCount "120"]
[EventDate "2020.01.25"]
[EventType "swiss"]
[EventRounds "5"]
[EventCountry "GGB"]
[SourceTitle "CBM 194 Extra"]
[Source "ChessBase"]
[SourceDate "2020.03.31"]
[SourceVersion "1"]
[SourceVersionDate "2020.03.31"]
[SourceQuality "1"]

1. d4 d5 2. Nf3 Nf6 3. c4 c6 4. Nc3 a6 5. c5 g6 6. Bf4 Bg7 7. h3 0-0 8. e3 Nbd7 9. Be2 Ne4 10. Qc2 Qa5 11. 0-0 Nxc3 12. bxc3 f6 13. c4 e6 14. Rab1 Qd8 15. Bd6 Re8 16. e4 Nf8 17. Bg3 dxe4 18. Qxe4 e5 19. Rbd1 exd4 20. Qxd4 Qa5 21. Bd3 Ne6 22. Qh4 Nxc5 23. Bb1 Be6 24. Rd6 Rad8 25. Nd4 Rxd6 26. Bxd6 Bf7 27. Qf4 Ne6 28. Nxe6 Bxe6 29. c5 b5 30. cxb6 Qxb6 31. Rc1 Bd5 32. h4 f5 33. Bc5 Qb8 34. Qg5 Qd8 35. Qg3 Qa5 36. Be3 Be5 37. Qg5 Qd8 38. Qxd8 Rxd8 39. Bd3 a5 40. Bb6 Ra8 41. Bc4 a4 42. Bxd5+ cxd5 43. Rd1 d4 44. Kf1 Rb8 45. Ba5 Rb5 46. Be1 Kf7 47. Ke2 Ke6 48. Kd3 Kd5 49. Rd2 a3 50. Re2 Rb2 51. Ba5 Rxe2 52. Kxe2 Kc4 53. Kd1 Bd6 54. Kd2 d3 55. g3 Bc5 56. f3 Bd6 57. f4 Bc5 58. Bd8 Bf2 59. Be7 Bxg3 60. Bxa3 Bxf4+ 0-1

[Event "Gibraltar Masters 18th"]
[Site "Caleta"]
[Date "2020.01.24"]
[Round "4"]
[White "Kozarcanin, Sead"]
[Black "Byron, Alan M"]
[Result "0-1"]
[WhiteElo "2019"]
[BlackElo "2208"]
[PlyCount "142"]
[EventDate "2020.01.21"]
[EventType "swiss"]
[EventRounds "10"]
[EventCountry "GGB"]
[SourceTitle "CBM 194 Extra"]
[Source "ChessBase"]
[SourceDate "2020.03.31"]
[SourceVersion "1"]
[SourceVersionDate "2020.03.31"]
[SourceQuality "1"]

1. b3 e5 2. Bb2 Nc6 3. e3 g6 4. Bb5 Nge7 5. f4 Bg7 6. Nf3 d6 7. fxe5 0-0 8. d4 dxe5 9. dxe5 Qxd1+ 10. Kxd1 Bg4 11. Kc1 a6 12. Bxc6 Nxc6 13. Nbd2 Rfe8 14. Re1 Rad8 15. a4 Bxf3 16. Nxf3 Nxe5 17. Nxe5 Bxe5 18. Bxe5 Rxe5 19. Re2 Rd6 20. Kb2 f5 21. Rf1 Rde6 22. Rf3 b5 23. axb5 axb5 24. Kc3 h5 25. Kd2 Kf7 26. h4 Ke7 27. Rf4 c5 28. g3 Kd6 29. c4 Kc6 30. Rf1 Re4 31. Rf4 R4e5 32. Rf1 Kb6 33. Ra1 Re4 34. Kd3 Rd6+ 35. Kc3 Rde6 36. Kd3 Rd6+ 37. Kc3 Rd8 38. cxb5 Kxb5 39. Ra7 Rde8 40. Kd3 Rd8+ 41. Kc3 Rde8 42. Kd3 Kb6 43. Ra1 Rg4 44. Rg2 Rb4 45. Ra3 Rbe4 46. Re2 Rd8+ 47. Kc2 Rg4 48. Rg2 Rd7 49. Ra1 Ra7 50. Rag1 Ra2+ 51. Kc3 Rxg2 52. Rxg2 Kc6 53. Rg1 Kd5 54. Kd3 Rb4 55. Kc3 Ke5 56. Ra1 Rg4 57. Rg1 Rb4 58. Ra1 Rg4 59. Rg1 Kd5 60. Kd3 Rb4 61. Kc3 Ke4 62. Rd1 Kxe3 63. Rd5 Kf3 64. Rxc5 Rb6 65. b4 Kxg3 66. Rc4 f4 67. Kd2 f3 68. Ke1 Re6+ 69. Kf1 Rd6 70. Rc1 Rd2 71. Rb1 Rh2 0-1

[Event "Gibraltar Masters 18th"]
[Site "Caleta"]
[Date "2020.01.21"]
[Round "1"]
[White "Kozarcanin, Sead"]
[Black "Womacka, Mathias"]
[Result "0-1"]
[WhiteElo "2019"]
[BlackElo "2439"]
[PlyCount "58"]
[EventDate "2020.01.21"]
[EventType "swiss"]
[EventRounds "10"]
[EventCountry "GGB"]
[SourceTitle "CBM 194 Extra"]
[Source "ChessBase"]
[SourceDate "2020.03.31"]
[SourceVersion "1"]
[SourceVersionDate "2020.03.31"]
[SourceQuality "1"]

1. b3 e5 2. Bb2 Nc6 3. e3 Nf6 4. Bb5 Bd6 5. Bxc6 dxc6 6. d3 Bg4 7. Ne2 Qe7 8. Nd2 0-0-0 9. h3 Bh5 10. g4 Bg6 11. Ng3 h5 12. g5 Nd5 13. h4 f5 14. Qe2 e4 15. dxe4 fxe4 16. 0-0-0 Be5 17. Nb1 Nb4 18. Bxe5 Qxe5 19. c3 Nd3+ 20. Kc2 Rdf8 21. Rhf1 Nxf2 22. Rxf2 Qxg3 23. Rdf1 Rf3 24. Nd2 Rhf8 25. Rg2 Qxh4 26. Qc4 Qh3 27. Rfg1 Qd7 28. Kc1 R3f7 29. Nxe4 Qf5 0-1

[Event "Sarajevo Bosna op 49th"]
[Site "Sarajevo"]
[Date "2019.05.03"]
[Round "9"]
[White "Kozarcanin, Sead"]
[Black "Trumic, Enes"]
[Result "0-1"]
[WhiteElo "1976"]
[BlackElo "2241"]
[PlyCount "100"]
[EventDate "2019.04.27"]
[EventType "swiss"]
[EventRounds "9"]
[EventCountry "BIH"]
[SourceTitle "CBM 190 Extra"]
[Source "ChessBase"]
[SourceDate "2019.07.15"]
[SourceVersion "1"]
[SourceVersionDate "2019.07.15"]
[SourceQuality "1"]

1. b3 e5 2. Bb2 Nc6 3. e3 d5 4. Bb5 f6 5. Ne2 Bg4 6. h3 Bh5 7. g4 Bf7 8. Bxc6+ bxc6 9. Ng3 g6 10. d3 Bg7 11. Nd2 Ne7 12. Nf3 h6 13. Qe2 a5 14. a4 Be6 15. Nh4 0-0 16. Ba3 Kh7 17. f4 f5 18. 0-0-0 Bf6 19. Nf3 fxg4 20. hxg4 exf4 21. Qh2 Ng8 22. exf4 Bxg4 23. Bxf8 Qxf8 24. Ng5+ Bxg5 25. fxg5 Bxd1 26. Rxd1 Qf4+ 27. Kb1 Qxg5 28. Ne2 Qe7 29. Nd4 c5 30. Nf3 Rf8 31. Re1 Qf6 32. Rf1 Qe7 33. Ng5+ Kg7 34. Rxf8 Kxf8 35. Qf2+ Kg7 36. Nf3 g5 37. Qd2 g4 38. Ne1 c4 39. Qxa5 cxb3 40. cxb3 Nf6 41. Qd2 d4 42. a5 Qa3 43. Nc2 Qxb3+ 44. Kc1 Qa4 45. Qe1 Kg6 46. Qe5 Qc6 47. Qxd4 h5 48. Kd2 h4 49. Nb4 Qg2+ 50. Kc3 h3 0-1

[Event "Sarajevo-ch"]
[Site "Sarajevo"]
[Date "2019.03.18"]
[Round "8"]
[White "Kurtcehajic, Suad"]
[Black "Kozarcanin, Sead"]
[Result "1-0"]
[WhiteElo "1982"]
[BlackElo "2005"]
[PlyCount "91"]
[EventDate "2019.03.12"]
[EventType "tourn"]
[EventRounds "9"]
[EventCountry "BIH"]
[SourceTitle "CBM 189 Extra"]
[Source "ChessBase"]
[SourceDate "2019.06.03"]
[SourceVersion "1"]
[SourceVersionDate "2019.06.03"]
[SourceQuality "1"]

1. e4 e5 2. Nf3 Qe7 3. Nc3 Nf6 4. Bc4 d6 5. Ng5 Be6 6. Nxe6 fxe6 7. 0-0 Nc6 8. a3 g6 9. d3 Bg7 10. b4 0-0 11. Bg5 h6 12. Be3 a6 13. f3 Nh5 14. g3 Kh7 15. Ne2 Rf7 16. Kg2 Raf8 17. c3 g5 18. Qb3 Nd8 19. a4 c6 20. Qa2 Rg8 21. Bb3 Bf8 22. Rae1 d5 23. Bc2 Kh8 24. Qb1 Rfg7 25. Nc1 Qf7 26. Nb3 Nf4+ 27. Kh1 Qh5 28. Qd1 Qh3 29. Rg1 g4 30. Ref1 dxe4 31. fxe4 Nf7 32. Qd2 Nh5 33. Qg2 Qxg2+ 34. Rxg2 Ng5 35. Bxg5 Rxg5 36. Rgf2 Be7 37. Na5 c5 38. b5 axb5 39. axb5 R5g7 40. Bb3 Rd8 41. Bc4 Bg5 42. Rf7 b6 43. Nc6 Rxf7 44. Rxf7 Ra8 45. Nxe5 Ra1+ 46. Kg2 1-0

[Event "Sarajevo Galijatovic Memorial"]
[Site "Sarajevo"]
[Date "2019.02.15"]
[Round "3"]
[White "Camdzija, Samir"]
[Black "Kozarcanin, Sead"]
[Result "0-1"]
[WhiteElo "1783"]
[BlackElo "2049"]
[PlyCount "72"]
[EventDate "2019.02.13"]
[EventType "swiss"]
[EventRounds "7"]
[EventCountry "BIH"]
[SourceTitle "CBM 189 Extra"]
[Source "ChessBase"]
[SourceDate "2019.06.03"]
[SourceVersion "1"]
[SourceVersionDate "2019.06.03"]
[SourceQuality "1"]

1. d4 d5 2. Nf3 Nf6 3. e3 g6 4. h3 Bg7 5. Be2 0-0 6. c4 dxc4 7. Bxc4 c5 8. Nc3 cxd4 9. Nxd4 a6 10. 0-0 b5 11. Be2 e5 12. Nf3 Qe7 13. Nh2 Bb7 14. Bf3 e4 15. Be2 Rd8 16. Qc2 Nc6 17. a3 Ne5 18. Bd2 Rac8 19. Rfd1 h5 20. Be1 Nfd7 21. Bf1 Nc5 22. Rxd8+ Rxd8 23. Ne2 Ncd3 24. Bc3 Rc8 25. Ng3 h4 26. Nh1 Qc5 27. Qe2 Nc4 28. Bxg7 Kxg7 29. Rb1 f5 30. g3 Nce5 31. gxh4 Qc2 32. Qxc2 Rxc2 33. b3 Kf6 34. f4 exf3 35. Bxd3 Nxd3 36. Ng3 Rg2+ 0-1

[Event "Gibraltar Masters 17th"]
[Site "Caleta"]
[Date "2019.01.30"]
[Round "9"]
[White "Francois Haugrin, Said"]
[Black "Kozarcanin, Sead"]
[Result "1-0"]
[WhiteElo "1825"]
[BlackElo "2048"]
[PlyCount "53"]
[EventDate "2019.01.22"]
[EventType "swiss"]
[EventRounds "10"]
[EventCountry "GGB"]
[SourceTitle "CBM 188 Extra"]
[Source "ChessBase"]
[SourceDate "2019.02.26"]
[SourceVersion "1"]
[SourceVersionDate "2019.02.26"]
[SourceQuality "1"]

1. e4 e5 2. Nf3 Nc6 3. Bc4 Nf6 4. d4 exd4 5. 0-0 Nxe4 6. Re1 d5 7. Bb5 Be7 8. Nxd4 Qd6 9. f3 Nf6 10. Qe2 Be6 11. Kh1 0-0-0 12. Bxc6 bxc6 13. Qa6+ Kd7 14. Bf4 Qc5 15. c3 Bd6 16. Bg5 Qb6 17. Qa4 Bc5 18. Nb3 h6 19. Bxf6 gxf6 20. N1d2 Ke7 21. Nxc5 Qxc5 22. Nb3 Qb6 23. Nd4 Kd7 24. f4 f5 25. Rad1 Kd6 26. c4 c5 27. Nxf5+ 1-0

[Event "Gibraltar Challengers op-B"]
[Site "Caleta"]
[Date "2019.01.29"]
[Round "4"]
[White "Kozarcanin, Sead"]
[Black "Osuna Vega, Enrique"]
[Result "1/2-1/2"]
[WhiteElo "2048"]
[BlackElo "2116"]
[PlyCount "124"]
[EventDate "2019.01.26"]
[EventType "swiss"]
[EventRounds "5"]
[EventCountry "GGB"]
[SourceTitle "CBM 188 Extra"]
[Source "ChessBase"]
[SourceDate "2019.02.26"]
[SourceVersion "1"]
[SourceVersionDate "2019.02.26"]
[SourceQuality "1"]

1. b3 e5 2. Bb2 Nc6 3. e3 g6 4. c4 Bg7 5. g3 Nge7 6. Bg2 d5 7. cxd5 Nxd5 8. a3 0-0 9. Ne2 Be6 10. d4 Nb6 11. 0-0 exd4 12. Bxc6 bxc6 13. Bxd4 Bxd4 14. Nxd4 Bh3 15. Re1 c5 16. Nc2 Qf6 17. f3 Rad8 18. Qe2 Be6 19. Nd2 Qb2 20. Rec1 Nd5 21. Ne4 Qxb3 22. Nxc5 Nc3 23. Qe1 Qc4 24. Nd4 Qxc5 25. Qxc3 Qe5 26. Nxe6 Qxe6 27. Rd1 Rb8 28. Rd3 Rfd8 29. Rad1 Rxd3 30. Rxd3 c6 31. e4 h5 32. Rd1 Kh7 33. Rc1 Rd8 34. Qxc6 Rd1+ 35. Kf2 Qa2+ 36. Rc2 Qa1 37. Qc4 Qf6 38. e5 Qb6+ 39. Kg2 Rg1+ 40. Kh3 Qb7 41. Qc6 Qb3 42. e6 Qd3 43. Qe4 Qxe4 44. fxe4 fxe6 45. Rc7+ Kh6 46. Rxa7 Re1 47. Kg2 Rxe4 48. h4 g5 49. hxg5+ Kxg5 50. Kf3 Rc4 51. Ra5+ Kg6 52. a4 h4 53. gxh4 Rxh4 54. Ra8 Kf5 55. Rf8+ Ke5 56. a5 Rh3+ 57. Kg2 Ra3 58. Ra8 Ke4 59. a6 e5 60. a7 Ra2+ 61. Kg3 Ra3+ 62. Kg4 Ke3 1/2-1/2

[Event "Gibraltar Challengers op-B"]
[Site "Caleta"]
[Date "2019.01.27"]
[Round "2"]
[White "Kozarcanin, Sead"]
[Black "Pereira Lopez, Aketza"]
[Result "1-0"]
[WhiteElo "2048"]
[BlackElo "1861"]
[PlyCount "51"]
[EventDate "2019.01.26"]
[EventType "swiss"]
[EventRounds "5"]
[EventCountry "GGB"]
[SourceTitle "CBM 188 Extra"]
[Source "ChessBase"]
[SourceDate "2019.02.26"]
[SourceVersion "1"]
[SourceVersionDate "2019.02.26"]
[SourceQuality "1"]

1. b3 e5 2. Bb2 Nc6 3. e3 d5 4. Bb5 Bd6 5. f4 f6 6. Ne2 Nge7 7. 0-0 0-0 8. c4 a6 9. Bxc6 bxc6 10. c5 Bxc5 11. fxe5 fxe5 12. Bxe5 Rxf1+ 13. Qxf1 Nf5 14. Qf4 Qe7 15. Ng3 Nxg3 16. Qxg3 Bd6 17. Bxd6 cxd6 18. Nc3 Bf5 19. Rf1 g6 20. Rxf5 Kh8 21. Qg5 Qg7 22. Rf4 h6 23. Qf6 g5 24. Rf2 Re8 25. Qxd6 Kh7 26. Qxc6 1-0

[Event "Gibraltar Challengers op-B"]
[Site "Caleta"]
[Date "2019.01.26"]
[Round "1"]
[White "Longa Yauca, Javier"]
[Black "Kozarcanin, Sead"]
[Result "1-0"]
[WhiteElo "2226"]
[BlackElo "2048"]
[PlyCount "49"]
[EventDate "2019.01.26"]
[EventType "swiss"]
[EventRounds "5"]
[EventCountry "GGB"]
[SourceTitle "CBM 188 Extra"]
[Source "ChessBase"]
[SourceDate "2019.02.26"]
[SourceVersion "1"]
[SourceVersionDate "2019.02.26"]
[SourceQuality "1"]

1. d4 d5 2. c4 c6 3. Nf3 Nf6 4. Nc3 a6 5. c5 Nbd7 6. Bf4 Nh5 7. Bd2 g6 8. g4 Ng7 9. Bh6 Qc7 10. e4 Nf6 11. exd5 Nxg4 12. Bxg7 Bxg7 13. Bg2 0-0 14. Qb3 Rd8 15. h3 Nf6 16. dxc6 bxc6 17. Ne5 Be6 18. Qb6 Qxb6 19. cxb6 Bd5 20. Nxd5 Nxd5 21. b7 Rab8 22. Nxc6 e6 23. Nxd8 Rxd8 24. Bxd5 exd5 25. Rc1 1-0

[Event "Gibraltar Masters 17th"]
[Site "Caleta"]
[Date "2019.01.24"]
[Round "3"]
[White "Mannion, Stephen R"]
[Black "Kozarcanin, Sead"]
[Result "1-0"]
[WhiteElo "2293"]
[BlackElo "2048"]
[PlyCount "65"]
[EventDate "2019.01.22"]
[EventType "swiss"]
[EventRounds "10"]
[EventCountry "GGB"]
[SourceTitle "CBM 188 Extra"]
[Source "ChessBase"]
[SourceDate "2019.02.26"]
[SourceVersion "1"]
[SourceVersionDate "2019.02.26"]
[SourceQuality "1"]

1. e4 e5 2. Nf3 Nc6 3. Bb5 a6 4. Ba4 d6 5. c3 g6 6. d4 Bd7 7. 0-0 Bg7 8. Re1 Nf6 9. h3 0-0 10. Nbd2 Re8 11. Bc2 h6 12. Nf1 Nh5 13. Be3 Qf6 14. N1h2 Nf4 15. dxe5 Nxe5 16. Nxe5 Rxe5 17. Qf3 Nh5 18. g4 Qh4 19. gxh5 Rxh5 20. Qg3 Qxh3 21. Qxh3 Bxh3 22. Rad1 Re8 23. Rd5 Rh4 24. f4 Bd7 25. Rd2 Bc6 26. Rde2 Re6 27. Bd2 g5 28. fxg5 hxg5 29. Bxg5 Rg6 30. Rg2 Rh5 31. Bf4 Rxg2+ 32. Kxg2 Rh4 33. Bg3 1-0

[Event "Gibraltar Masters 17th"]
[Site "Caleta"]
[Date "2019.01.22"]
[Round "1"]
[White "Kozarcanin, Sead"]
[Black "Javakhishvili, Lela"]
[Result "1/2-1/2"]
[WhiteElo "2048"]
[BlackElo "2452"]
[PlyCount "71"]
[EventDate "2019.01.22"]
[EventType "swiss"]
[EventRounds "10"]
[EventCountry "GGB"]
[SourceTitle "CBM 188 Extra"]
[Source "ChessBase"]
[SourceDate "2019.02.26"]
[SourceVersion "1"]
[SourceVersionDate "2019.02.26"]
[SourceQuality "1"]

1. b3 d5 2. Bb2 Bg4 3. d3 Nd7 4. h3 Bh5 5. Nf3 Bxf3 6. exf3 e5 7. d4 Bb4+ 8. Nd2 Qe7 9. dxe5 Nxe5 10. Qe2 d4 11. 0-0-0 0-0-0 12. f4 Nc6 13. Qxe7 Ngxe7 14. Nf3 f6 15. a3 Bc3 16. Bxc3 dxc3 17. Bc4 a6 18. Be6+ Kb8 19. Rd3 Ng6 20. g3 Rhe8 21. f5 Nf8 22. Re1 Nxe6 23. fxe6 Rd6 24. Rxc3 Rdxe6 25. Rxe6 Rxe6 26. Kd2 Kc8 27. Rd3 Ne5 28. Nxe5 Rxe5 29. f4 Re7 30. a4 a5 31. Re3 Rd7+ 32. Ke2 c6 33. Rd3 Re7+ 34. Re3 Rd7 35. Rd3 Re7+ 36. Re3 1/2-1/2

[Event "Gibraltar Masters 16th"]
[Site "Caleta"]
[Date "2018.01.26"]
[Round "4"]
[White "Kvisla, Johannes Luangtep"]
[Black "Kozarcanin, Sead"]
[Result "1/2-1/2"]
[WhiteElo "2234"]
[BlackElo "2048"]
[PlyCount "91"]
[EventDate "2018.01.23"]
[EventType "swiss"]
[EventRounds "10"]
[EventCountry "GGB"]
[SourceTitle "CBM 183"]
[Source "ChessBase"]
[SourceDate "2018.03.14"]
[SourceVersion "1"]
[SourceVersionDate "2018.03.14"]
[SourceQuality "1"]

1. d4 d5 2. Bf4 e6 3. e3 Bd6 4. Bg3 Nf6 5. Nf3 0-0 6. Bd3 Ne4 7. Nbd2 f5 8. Ne5 Nxg3 9. hxg3 Bxe5 10. dxe5 Nc6 11. f4 Nb4 12. Qh5 h6 13. Qg6 Qe8 14. Rxh6 Qxg6 15. Rxg6 Kf7 16. Rg5 Rh8 17. Kf2 c5 18. a3 Nxd3+ 19. cxd3 b6 20. g4 fxg4 21. d4 Ba6 22. e4 cxd4 23. exd5 exd5 24. f5 Bd3 25. Nb3 Rae8 26. Re1 Be4 27. Nxd4 Rxe5 28. Rxg4 Rc8 29. b3 Rc3 30. Rg3 Rc8 31. Rge3 g6 32. fxg6+ Kxg6 33. g4 Ree8 34. Kg3 Rc7 35. Nf5 Rc2 36. R1e2 Rxe2 37. Rxe2 Rf8 38. Nd4 Rf1 39. Rd2 a5 40. a4 Kg5 41. Ne6+ Kf6 42. Nd4 Kg5 43. Ne6+ Kf6 44. Nd4 Kg5 45. Ne6+ Kf6 46. Nd4 1/2-1/2

[Event "Gibraltar Challengers-A"]
[Site "Caleta"]
[Date "2018.01.23"]
[Round "2"]
[White "Lochte, Thomas"]
[Black "Kozarcanin, Sead"]
[Result "1/2-1/2"]
[WhiteElo "2169"]
[BlackElo "2048"]
[PlyCount "156"]
[EventDate "2018.01.22"]
[EventType "swiss"]
[EventRounds "5"]
[EventCountry "GGB"]
[SourceTitle "EXT 2019"]
[Source "ChessBase"]
[SourceDate "2018.10.10"]
[SourceVersion "1"]
[SourceVersionDate "2018.10.10"]
[SourceQuality "1"]

1. e4 e5 2. Nf3 Nc6 3. Bc4 Bc5 4. b4 Bxb4 5. c3 Be7 6. d4 exd4 7. Qb3 Na5 8. Bxf7+ Kf8 9. Qa4 Kxf7 10. Qxa5 c5 11. Qxd8 Bxd8 12. cxd4 cxd4 13. 0-0 Bb6 14. Na3 Ne7 15. Nc4 d5 16. Nxb6 axb6 17. exd5 Nxd5 18. Bb2 Re8 19. Nxd4 Bd7 20. Rfd1 Ra4 21. a3 h6 22. Rac1 Bg4 23. Nb5 Bxd1 24. Nd6+ Kf8 25. Nxe8 Re4 26. Rxd1 Rxe8 27. g3 Rd8 28. Bd4 Rd7 29. Rb1 Rd6 30. a4 Rc6 31. Rb5 Nc3 32. Bxc3 Rxc3 33. Rxb6 Rc4 34. Rxb7 Rxa4 35. h4 h5 36. Kg2 Kg8 37. Rb5 g6 38. Rb7 Ra3 39. Re7 Kf8 40. Re3 Ra4 41. Kf3 Kf7 42. Re4 Ra2 43. Ke3 Kf6 44. Rb4 Ra5 45. Rb6+ Kf5 46. Rb3 Kf6 47. Rd3 Rb5 48. f3 Rb6 49. Rd4 Rb5 50. Rd6+ Kf5 51. Rd3 Ra5 52. Rb3 Rc5 53. Kd4 Ra5 54. Rb4 Kf6 55. Rc4 Ra1 56. Ke4 Re1+ 57. Kf4 Re6 58. Rc8 Ra6 59. Rf8+ Kg7 60. Re8 Kf6 61. g4 hxg4 62. fxg4 Ra4+ 63. Re4 Ra1 64. g5+ Kf7 65. Rb4 Rf1+ 66. Kg3 Ra1 67. Rb7+ Kf8 68. Kf4 Ra5 69. Rb4 Kf7 70. Kg4 Rc5 71. h5 gxh5+ 72. Kxh5 Rc6 73. g6+ Kg7 74. Rb7+ Kg8 75. Kh6 Rc8 76. Rg7+ Kh8 77. Rf7 Kg8 78. Rf6 Rc1 1/2-1/2

[Event "Gibraltar Challengers-A"]
[Site "Caleta"]
[Date "2018.01.22"]
[Round "1"]
[White "Kozarcanin, Sead"]
[Black "Kvisla, Johannes Luangtep"]
[Result "1-0"]
[WhiteElo "2048"]
[BlackElo "2234"]
[PlyCount "141"]
[EventDate "2018.01.22"]
[EventType "swiss"]
[EventRounds "5"]
[EventCountry "GGB"]
[SourceTitle "EXT 2019"]
[Source "ChessBase"]
[SourceDate "2018.10.10"]
[SourceVersion "1"]
[SourceVersionDate "2018.10.10"]
[SourceQuality "1"]

1. b3 f5 2. Bb2 Nf6 3. f4 e6 4. Nf3 b6 5. g3 Bb7 6. Bg2 Bc5 7. e3 0-0 8. 0-0 Be7 9. Qe2 c5 10. d3 d5 11. Nbd2 Re8 12. Ne5 Bf8 13. g4 fxg4 14. Nxg4 Nbd7 15. Ne5 b5 16. Kh1 Qb6 17. Ndf3 h6 18. Rg1 Rad8 19. Bh3 d4 20. e4 Nxe5 21. fxe5 Nh7 22. Rg6 Qc7 23. Rag1 Kh8 24. Bc1 Qf7 25. Qg2 Ng5 26. Bxg5 Qxg6 27. Bxd8 Qxg2+ 28. Rxg2 Rxd8 29. Bxe6 Be7 30. Rg6 a5 31. Bf5 Ra8 32. Re6 Bf8 33. Rb6 Bc8 34. Bxc8 Rxc8 35. Rxb5 a4 36. bxa4 Kg8 37. Nd2 Be7 38. a5 Ra8 39. Nc4 Kf7 40. Nd6+ Ke6 41. Rxc5 Rb8 42. a6 Ra8 43. Ra5 Bd8 44. Ra4 Kxe5 45. Nf7+ Kf4 46. Rxd4 Bb6 47. Rd6 Bc5 48. Rd5 Bb6 49. Rf5+ Ke3 50. Nd6 Bd4 51. Nb5 Rxa6 52. Nxd4 Kxd4 53. Kg2 Rxa2 54. Kf3 Ra1 55. Rd5+ Kc3 56. e5 Kxc2 57. d4 Kd3 58. e6 Rf1+ 59. Kg2 Rf8 60. Rd7 Ke4 61. e7 Re8 62. d5 Ke5 63. d6 Ke6 64. Rd8 Rxe7 65. dxe7 Kxe7 66. Ra8 Kf6 67. h4 Kg6 68. Kg3 Kh5 69. Ra5+ g5 70. hxg5 hxg5 71. Rb5 1-0

[Event "Pula op 31st"]
[Site "Pula"]
[Date "2017.09.10"]
[Round "2"]
[White "Skuhala, Jernej"]
[Black "Kozarcanin, Sead"]
[Result "1/2-1/2"]
[WhiteElo "2336"]
[BlackElo "2027"]
[PlyCount "123"]
[EventDate "2017.09.09"]
[EventType "swiss"]
[EventRounds "9"]
[EventCountry "CRO"]
[SourceTitle "CBM 180 Extra"]
[Source "ChessBase"]
[SourceDate "2017.10.06"]
[SourceVersion "1"]
[SourceVersionDate "2017.10.06"]
[SourceQuality "1"]

1. e4 e5 2. Nf3 Nc6 3. Bc4 Bc5 4. 0-0 d6 5. c3 Qf6 6. a4 a6 7. b4 Ba7 8. d3 h6 9. Be3 Nge7 10. b5 Na5 11. Ba2 Be6 12. Nbd2 Bxa2 13. Rxa2 Qe6 14. Rb2 Bxe3 15. fxe3 axb5 16. axb5 b6 17. Qe2 0-0 18. d4 Ng6 19. Ra1 Rae8 20. d5 Qd7 21. Nc4 Nb7 22. Ra7 Rb8 23. Ncd2 Nc5 24. Ne1 Ra8 25. Rba2 Rxa7 26. Rxa7 f5 27. exf5 Rxf5 28. c4 e4 29. Nc2 Ne5 30. Nd4 Rg5 31. Ra1 Qf7 32. Rf1 Qg6 33. Nc6 Kh7 34. Nxe5 Rxe5 35. Rf4 Rg5 36. Qf1 Rg4 37. h3 Rg3 38. Qe2 Qe8 39. Nxe4 Nxe4 40. Qd3 Kg8 41. Qxe4 Rxe3 42. Qxe8+ Rxe8 43. h4 g6 44. Kh2 Kg7 45. Kh3 Re3+ 46. Kh2 Rc3 47. g3 Ra3 48. Re4 Kf7 49. Kg2 Rc3 50. Kh3 h5 51. Kg2 Kf6 52. Kf2 Kf5 53. Rf4+ Ke5 54. Kg2 Rc2+ 55. Kf3 Rc3+ 56. Kg2 Rc2+ 57. Kf3 Rc3+ 58. Kf2 Rc2+ 59. Ke3 Rc3+ 60. Kf2 Rc1 61. Ke3 Rc3+ 62. Kf2 1/2-1/2

[Event "Sarajevo Bosna op 47th"]
[Site "Sarajevo"]
[Date "2017.05.18"]
[Round "8"]
[White "Hadzovic, Amir"]
[Black "Kozarcanin, Sead"]
[Result "1-0"]
[WhiteElo "2280"]
[BlackElo "2016"]
[PlyCount "71"]
[EventDate "2017.05.13"]
[EventType "swiss"]
[EventRounds "9"]
[EventCountry "BIH"]
[SourceTitle "CBM 178 Extra"]
[Source "ChessBase"]
[SourceDate "2017.06.22"]
[SourceVersion "1"]
[SourceVersionDate "2017.06.22"]
[SourceQuality "1"]

1. e4 e5 2. d4 exd4 3. Qxd4 Nc6 4. Qe3 Nf6 5. Bd2 Bb4 6. a3 Bxd2+ 7. Nxd2 0-0 8. f4 Qe7 9. 0-0-0 Re8 10. Bd3 d6 11. h3 Bf5 12. Re1 d5 13. e5 Bxd3 14. Qxd3 Rad8 15. Ngf3 Nh5 16. g3 Nxg3 17. Ng5 Ne4 18. Ndxe4 dxe4 19. Qxe4 g6 20. h4 Rd4 21. Qe3 h5 22. Ne4 Kg7 23. Nf6 Rh8 24. Rhg1 Qe6 25. Kb1 Qf5 26. Ne4 Qd7 27. Qc3 Qf5 28. Nc5 Qxf4 29. Rgf1 Qxh4 30. e6 f6 31. e7 Rc4 32. Ne6+ Kf7 33. Ng5+ Qxg5 34. Qxc4+ Ke8 35. Qe6 Qg4 36. Qxf6 1-0

[Event "Sarajevo Bosna op 47th"]
[Site "Sarajevo"]
[Date "2017.05.16"]
[Round "5"]
[White "Kozarcanin, Sead"]
[Black "Obad, Andrija"]
[Result "0-1"]
[WhiteElo "2016"]
[BlackElo "2256"]
[PlyCount "94"]
[EventDate "2017.05.13"]
[EventType "swiss"]
[EventRounds "9"]
[EventCountry "BIH"]
[SourceTitle "CBM 178 Extra"]
[Source "ChessBase"]
[SourceDate "2017.06.22"]
[SourceVersion "1"]
[SourceVersionDate "2017.06.22"]
[SourceQuality "1"]

1. Nf3 c5 2. e4 d6 3. g3 Nc6 4. Bg2 g6 5. 0-0 Bg7 6. Re1 e5 7. c3 Nge7 8. a3 0-0 9. b4 a6 10. Bb2 h6 11. d3 Be6 12. Nbd2 Qc7 13. Rc1 Rad8 14. d4 exd4 15. cxd4 cxb4 16. axb4 Qb6 17. Nc4 Bxc4 18. Rxc4 d5 19. exd5 Nxd5 20. Qd2 Ndxb4 21. Ba3 a5 22. d5 Rxd5 23. Qe2 Rfd8 24. Re4 R5d7 25. Re8+ Kh7 26. h4 Rxe8 27. Qxe8 Qd8 28. h5 Nc2 29. hxg6+ fxg6 30. Nh4 Qxe8 31. Rxe8 Nxa3 32. Be4 Ne7 33. Nxg6 Nxg6 34. Re6 b5 35. Bxg6+ Kg8 36. f4 Bd4+ 37. Kf1 Kg7 38. Be4 Bf6 39. Ra6 a4 40. Ke2 Rc7 41. g4 Re7 42. Kf3 Rc7 43. g5 hxg5 44. fxg5 Bb2 45. Kg4 Nc4 46. Kh5 Bd4 47. Bd5 Nb6 0-1